| 000 | 01047nam0a22002531 4500 | ||
|---|---|---|---|
| 001 | rc\508071 | ||
| 005 | 20260407051753.0 | ||
| 035 | _a(NLR Aleph) 005748429 | ||
| 090 |
_a4813767 _c4813767 |
||
| 100 | _a20030616d1988 |||y0rusy50 ca | ||
| 101 | 0 | _arus | |
| 102 | _aRU | ||
| 105 | _ay ||||||||| | ||
| 200 | 1 |
_aСОВЕТСКОЕ Право _eМетод. указания к проведению практ. занятий на фак. обществ. профессий _fМ-во путей сообщ. СССР, Ташк. ин-т инженеров ж.-д. трансп. _g[Сост. преп. Н.Н. Шпади] |
|
| 210 |
_aТашкент _cТашИИТ _d1988 |
||
| 215 |
_a12 с. _d20 |
||
| 320 | _aБиблиогр.: с. 12 | ||
| 702 | 1 |
_aШпади _bН.Н. _4220 |
|
| 712 | 0 | 2 |
_aТашкентский институт инженеров железнодорожного транспорта _3RU\NLR\AUTH\8810021133 _9540260 |
| 801 | 0 |
_aRU _bNLR _gpsbo |
|
| 801 | 1 |
_aRU _bELAR _2rusmarc |
|
| 852 |
_aNLR _j89-4/18835 |
||
| 942 | _cBOOK | ||
| 980 | _aNB | ||